[Event "GER-ch Net blitz qual3"]
[Site "Playchess.com INT"]
[Date "2021.05.07"]
[Round "7"]
[White "Beesk, Kevin"]
[Black "Feldmaus, Bernd"]
[Result "1-0"]
[WhiteElo "2000"]
[BlackElo "1717"]
[PlyCount "69"]
[EventDate "2021.05.07"]
[EventType "swiss (blitz)"]
[EventRounds "11"]
[EventCountry "GER"]
[SourceTitle "CBM 202 Extra"]
[Source "ChessBase"]
[SourceDate "2021.07.31"]
[SourceVersion "1"]
[SourceVersionDate "2021.07.31"]
[SourceQuality "1"]

1. Nc3 e6 2. g3 d5 3. e4 Nf6 4. Bg2 Bb4 5. e5 Nfd7 6. Qg4 Bxc3 7. bxc3 Nxe5 8. Qxg7 Ng6 9. h4 Qd6 10. d4 Qf8 11. Qf6 Nd7 12. Qf3 Qd6 13. h5 Ne7 14. Ne2 c5 15. Nf4 Nc6 16. Ba3 b6 17. 0-0 Ba6 18. Rfe1 0-0-0 19. Nd3 Rdf8 20. Rab1 Qc7 21. dxc5 Bxd3 22. cxd3 Nxc5 23. d4 Ne4 24. Bxf8 Rxf8 25. Qd3 Nd6 26. Qxh7 Qe7 27. Bxd5 Qd7 28. Bg2 Na5 29. Qg7 Nac4 30. Qxf8+ Kc7 31. h6 Nf5 32. h7 Qd6 33. Qxd6+ Kxd6 34. h8Q Ne7 35. Qd8# 1-0